Normal view
MARC view
- الفقير، حمزة
Entry Personal Name
001 - CONTROL NUMBER
- control field: 36535
003 - CONTROL NUMBER IDENTIFIER
- control field: JO-AjAnu
005 - DATE AND TIME OF LATEST TRANSACTION
- control field: 20230606080111.0
008 - FIXED-LENGTH DATA ELEMENTS
- fixed length control field: 230606|| aca||aabn | a|a d
040 ## - CATALOGING SOURCE
- Original cataloging agency: JO-AjAnu
- Transcribing agency: JO-AjAnu
100 ## - HEADING--PERSONAL NAME
- Personal name: الفقير، حمزة
670 ## - SOURCE DATA FOUND
- Source citation: Work cat.: (JO-AjAnu)18756: الفقير، حمزة, author, ثلاثة ينتظرهم العالم : المهدي المنتظر-المسيح الدجال-المسيح عليه السلام